Vista normal
Vista MARC
Entrada Materia (personas)
Número de registros utilizados en: 2
001 - CONTROL NUMBER
- control field: 124893
003 - CONTROL NUMBER IDENTIFIER
- control field: Co-BoUCM
005 - DATE AND TIME OF LATEST TRANSACTION
- control field: 20211020095234.0
008 - FIXED-LENGTH DATA ELEMENTS
- fixed length control field: 211020|| aca||aabn | a|a d
040 ## - CATALOGING SOURCE
- Original cataloging agency: Co-BoUCM
- Transcribing agency: Co-BoUCM
100 ## - HEADING--PERSONAL NAME
- Personal name: Newton, Isaac
- Dates associated with a name: 1642-1927
- General subdivision: Crítica e interpretación, etc
670 ## - SOURCE DATA FOUND
- Source citation: Work cat.: (Co-BoUCM)33068: Garcia Bacca, Juan David 110256, Historia Filosófica de la Ciencia, 1963